College algebra / (Record no. 344)
[ view plain ]
| 000 -LEADER | |
|---|---|
| fixed length control field | 00598nam a22001697a 4500 |
| 005 - DATE AND TIME OF LATEST TRANSACTION | |
| control field | 20230529023324.0 |
| 008 - FIXED-LENGTH DATA ELEMENTS--GENERAL INFORMATION | |
| fixed length control field | 221210b |||||||| |||| 00| 0 eng d |
| 020 ## - INTERNATIONAL STANDARD BOOK NUMBER | |
| International Standard Book Number | 971-150-079-5 |
| 082 ## - DEWEY DECIMAL CLASSIFICATION NUMBER | |
| Classification number | Fil. 512 B216 1990 |
| 100 ## - MAIN ENTRY--PERSONAL NAME | |
| Personal name | Bancoro, Evelyn B. |
| Relator term | author |
| 245 ## - TITLE STATEMENT | |
| Title | College algebra / |
| Statement of responsibility, etc. | Bancoro, Evelyn B., Socorro Q. Hipolito |
| 260 ## - PUBLICATION, DISTRIBUTION, ETC. | |
| Place of publication, distribution, etc. | Quezon City: |
| Name of publisher, distributor, etc. | Katha Publishing, |
| Date of publication, distribution, etc. | c1990. |
| 300 ## - PHYSICAL DESCRIPTION | |
| Extent | v, 221p. |
| 541 ## - IMMEDIATE SOURCE OF ACQUISITION NOTE | |
| Accession number | 2378 c.1, 2379 c.2, 2380 c.3, 2381 c.4, 2382 c.5, 2383 c.6, 2384 c.7 2385 c.8, 2386 c.9, 2387 c.10, 2388 c.11 |
| 650 ## - SUBJECT ADDED ENTRY--TOPICAL TERM | |
| Topical term or geographic name entry element | Algebra |
| 700 ## - ADDED ENTRY--PERSONAL NAME | |
| Personal name | Hipolito, Socorro Q. |
| Relator term | author |
| Withdrawn status | Lost status | Source of classification or shelving scheme | Damaged status | Not for loan | Home library | Current library | Date acquired | Total Checkouts | Full call number | Barcode | Date last seen | Copy number | Price effective from | Koha item type |
|---|---|---|---|---|---|---|---|---|---|---|---|---|---|---|
| Dewey Decimal Classification | ctu-moalboal | ctu-moalboal | 01/17/2012 | Fil. 512 B216 1990 | 2378 | 12/10/2022 | 1 | 12/10/2022 | Books-Filipiniana | |||||
| Dewey Decimal Classification | ctu-moalboal | ctu-moalboal | 01/17/2012 | Fil. 512 B216 1990 | 2379 | 12/10/2022 | 2 | 12/10/2022 | Books-Filipiniana | |||||
| Dewey Decimal Classification | ctu-moalboal | ctu-moalboal | 01/17/2012 | Fil. 512 B216 1990 | 2380 | 12/10/2022 | 3 | 12/10/2022 | Books-Filipiniana |